000 00587nam a2200241Ia 4500
003 OSt
005 20221007100432.0
006 a|||||r|||| 00| 0
007 ta
008 221006b |||||||| |||| 00| 0 eng d
024 _a4,407
037 _cTextual
040 _aLCO
_cLCO
_beng
041 _2eng
_aeng
082 _aZ0aY, L6
100 _aCARLEN Pat
245 0 _aSociology of law
260 _aLondon
_bUniversity of Keele
_c1976
300 _a250
650 _aSOCIOLOGY OF LAW
942 _hZ0aY, L6
_cTEXL
999 _c1173970
_d1173970